[Event "South African op"]
[Site "Cape Town"]
[Date "2022.07.16"]
[Round "9"]
[White "McInnes, Andrew"]
[Black "Mathebula, Xolani Cebo"]
[Result "0-1"]
[WhiteElo "1752"]
[BlackElo "1759"]
[PlyCount "78"]
[EventDate "2022.07.09"]
[EventType "swiss"]
[EventRounds "11"]
[EventCountry "RSA"]
[SourceTitle "CBM 209 Extra"]
[Source "ChessBase"]
[SourceDate "2022.09.30"]
[SourceVersion "1"]
[SourceVersionDate "2022.09.30"]
[SourceQuality "1"]

1. e4 e5 2. Nf3 Nc6 3. Bb5 a6 4. Ba4 Nf6 5. d3 b5 6. Bb3 Be7 7. 0-0 d6 8. h3 0-0 9. Nc3 Na5 10. Ne2 c5 11. Ng3 Bd7 12. Bd2 Rc8 13. Bxa5 Qxa5 14. c4 g6 15. Nh2 h5 16. f4 h4 17. Ne2 Nh5 18. f5 b4 19. Qd2 Qd8 20. fxg6 Bg5 21. gxf7+ Rxf7 22. Qe1 Rg7 23. Nf3 Bxh3 24. Kh2 Bxg2 25. Rf2 Bf4+ 26. Nxf4 Nxf4 27. Qe3 Rg3 28. Rxg2 Rxg2+ 29. Kh1 Rc7 30. d4 Rg3 31. Rg1 Rcg7 32. Rxg3 Rxg3 33. Qf2 Qd7 34. dxe5 dxe5 35. Ng1 Nh3 36. Qe2 Rxg1+ 37. Kh2 Nf4 38. Qf3 Rg3 39. Qf1 Qg4 0-1

[Event "South African op"]
[Site "Cape Town"]
[Date "2022.07.10"]
[Round "3"]
[White "Du Plessis, Anika"]
[Black "McInnes, Andrew"]
[Result "0-1"]
[WhiteElo "1545"]
[BlackElo "1752"]
[PlyCount "86"]
[EventDate "2022.07.09"]
[EventType "swiss"]
[EventRounds "11"]
[EventCountry "RSA"]
[SourceTitle "CBM 209 Extra"]
[Source "ChessBase"]
[SourceDate "2022.09.30"]
[SourceVersion "1"]
[SourceVersionDate "2022.09.30"]
[SourceQuality "1"]

1. e4 c6 2. d4 d5 3. Nc3 dxe4 4. Nxe4 Nf6 5. Ng3 Bg4 6. Be2 Bxe2 7. N1xe2 e6 8. c3 Bd6 9. Bg5 Nbd7 10. Ne4 Bc7 11. Qb3 Rb8 12. Qa3 a6 13. Nd6+ Bxd6 14. Qxd6 Qe7 15. Bf4 Rc8 16. f3 Nb6 17. 0-0-0 Nfd5 18. Qe5 0-0 19. h4 Nc4 20. Qe4 b5 21. Qd3 Rfd8 22. Kb1 c5 23. Bc1 cxd4 24. cxd4 Nb4 25. Qb3 a5 26. Bd2 Nd5 27. Nc3 a4 28. Nxd5 Rxd5 29. Qb4 Qf6 30. Bg5 Qf5+ 31. Ka1 h6 32. Bc1 Nd6 33. Rd2 Rc4 34. Qa3 Rcxd4 35. Rxd4 Rxd4 36. Qe3 Rd3 37. Qb6 Nc4 38. Qb8+ Kh7 39. Qf4 Qd5 40. Qxf7 a3 41. bxa3 Qd4+ 42. Kb1 Nd2+ 43. Bxd2 Rxd2 0-1